Normal view
MARC view
- المغول - تاريخ، المماليك -تاريخ
Entry Topical Term
001 - CONTROL NUMBER
- control field: 20511
003 - CONTROL NUMBER IDENTIFIER
- control field: JO-AjAnu
005 - DATE AND TIME OF LATEST TRANSACTION
- control field: 20230606073552.0
008 - FIXED-LENGTH DATA ELEMENTS
- fixed length control field: 230606|| aca||aabn | a|a d
040 ## - CATALOGING SOURCE
- Original cataloging agency: JO-AjAnu
- Transcribing agency: JO-AjAnu
150 ## - HEADING--TOPICAL TERM
- Topical term or geographic name entry element: المغول - تاريخ، المماليك -تاريخ
670 ## - SOURCE DATA FOUND
- Source citation: Work cat.: (JO-AjAnu)10532: اعداد هياجنة، محمد احمد موسى, author 20510, محاضرات في تاريخ المغول والمماليك